| 000 | 00503nam a2200169Ia 4500 | ||
|---|---|---|---|
| 005 | 20250508153350.0 | ||
| 008 | 008 250505s9999 xx 000 0 eng d | ||
| 037 | _aBooks to be hide in OPAC | ||
| 040 |
_aFEDL _beng _cFEDL |
||
| 041 |
_aeng _2eng |
||
| 084 |
_a371.70942, GRE _qFEDL |
||
| 245 | 0 | _aMemorandum on closure of and exclusion from school | |
| 260 |
_aLondon, UK _bDarling and Son, Ltd _c1909 |
||
| 300 | _a22p. | ||
| 942 |
_cHB _h371.70942, GRE |
||
| 999 |
_c1342323 _d1342323 |
||